[Event "Guernsey Holiday 2013"]
[Site "Guernsey GCI"]
[Date "2013.10.23"]
[Round "4"]
[White "Le Maitre, Richard"]
[Black "Kay, Robert"]
[Result "1-0"]
[WhiteElo "1423"]
[BlackElo "1528"]
[PlyCount "136"]
[EventDate "2013.10.20"]
[EventType "swiss"]
[EventRounds "7"]
[SourceDate "2013.12.14"]

1. d4 f5 2. Nf3 Nf6 3. Nc3 e6 4. a3 Be7 5. Bf4 O-O 6. h3 d6 7. e3 Nbd7 8. Bc4
Nb6 9. Ba2 Bd7 10. O-O Ne4 11. Nxe4 fxe4 12. Nd2 d5 13. c4 c6 14. c5 Nc8 15. b4
Bg5 16. Be5 Rf7 17. Nb3 Bf6 18. Bg3 b6 19. Qe2 Ne7 20. f4 Nf5 21. Qf2 Bh4 22.
Bxh4 Nxh4 23. g3 Nf3+ 24. Kh1 Qf6 25. Nd2 Nxd2 26. Qxd2 Qh6 27. Qh2 Raf8 28.
Bb3 e5 29. h4 exd4 30. exd4 Bg4 31. Bd1 Qh5 32. Bxg4 Qxg4 33. Rae1 Re8 34. Re3
Re6 35. Qf2 Rh6 36. Qh2 g5 37. Rg1 Rg7 38. fxg5 Rxg5 39. Qg2 Rf5 40. Qe2 Qh3+
41. Qh2 Qxh2+ 42. Kxh2 Rf2+ 43. Rg2 Rhf6 44. Rxf2 Rxf2+ 45. Kh3 Rd2 46. Kg4 Kg7
47. Kf4 Kf6 48. g4 h6 49. Rg3 Kg6 50. Ke5 Rd3 51. Kf4 Rxd4 52. h5+ Kg7 53. g5
hxg5+ 54. Rxg5+ Kh7 55. Rg6 bxc5 56. bxc5 Rd3 57. Rxc6 Rf3+ 58. Ke5 Rd3 59.
Rc7+ Kh6 60. Rxa7 e3 61. Re7 Rd2 62. c6 e2 63. Kd6 Kxh5 64. c7 Rc2 65. Kd7 d4
66. Rxe2 Rxe2 67. c8=Q d3 68. Qc5+ Kh6 1-0

[Event "Guernsey Holiday 2013"]
[Site "Guernsey GCI"]
[Date "2013.10.23"]
[Round "4"]
[White "Adrian, Leopold"]
[Black "Kerr, Matthew"]
[Result "1-0"]
[WhiteElo "1333"]
[BlackElo "1434"]
[PlyCount "57"]
[EventDate "2013.10.20"]
[EventType "swiss"]
[EventRounds "7"]
[SourceDate "2013.12.14"]

1. e4 e5 2. Nc3 c6 3. f4 Qh4+ 4. g3 Qf6 5. fxe5 Qxe5 6. d4 Qa5 7. Nf3 Nf6 8.
Bd3 Bb4 9. Bd2 Qh5 10. Bf4 O-O 11. Qe2 Re8 12. O-O-O Bxc3 13. bxc3 Qa5 14. Kb2
d5 15. e5 Nh5 16. Rhe1 Bg4 17. Bxh7+ Kxh7 18. Ng5+ Kg8 19. Qxg4 g6 20. Qf3 Nd7
21. Bd2 f6 22. e6 Nb6 23. Nf7 Nc4+ 24. Ka1 Nxd2 25. Rxd2 Re7 26. g4 Rxe6 27.
Rxe6 Nf4 28. Rxf6 g5 29. Nxg5 1-0

[Event "Guernsey Holiday 2013"]
[Site "Guernsey GCI"]
[Date "2013.10.23"]
[Round "4"]
[White "Jones, Sid A"]
[Black "Rowe, Oliver"]
[Result "0-1"]
[WhiteElo "1488"]
[BlackElo "1445"]
[PlyCount "48"]
[EventDate "2013.10.20"]
[EventType "swiss"]
[EventRounds "7"]
[SourceDate "2013.12.14"]

1. d4 Nf6 2. c4 e6 3. Nf3 d5 4. Nc3 Be7 5. e3 O-O 6. Bd3 b6 7. O-O Bb7 8. Qc2
c5 9. cxd5 exd5 10. b3 Ba6 11. a4 Bxd3 12. Qxd3 cxd4 13. Nxd4 Qd7 14. Bb2 a5
15. Rfd1 Na6 16. Qf5 Rfd8 17. Qxd7 Rxd7 18. Nc6 Bc5 19. Nb5 Ne4 20. Bd4 Bxd4
21. Rxd4 Nac5 22. b4 Nb3 23. Rxd5 Rxd5 24. Ne7+ Kf8 0-1

[Event "Guernsey Holiday 2013"]
[Site "Guernsey GCI"]
[Date "2013.10.23"]
[Round "4"]
[White "Bennett, David"]
[Black "Brown, Jim"]
[Result "1/2-1/2"]
[WhiteElo "1392"]
[BlackElo "1168"]
[PlyCount "59"]
[EventDate "2013.10.20"]
[EventType "swiss"]
[EventRounds "7"]
[SourceDate "2013.12.14"]

1. Nf3 c6 2. e4 d6 3. d4 Nd7 4. Bf4 e6 5. Nbd2 Be7 6. Be2 Ngf6 7. O-O O-O 8. c4
b6 9. Rc1 h6 10. Nb3 Nxe4 11. Bd3 Nef6 12. Qc2 Nh5 13. Be3 Nhf6 14. c5 bxc5 15.
dxc5 d5 16. Bf4 a5 17. Bd6 a4 18. Nbd4 Bb7 19. a3 Re8 20. Bxe7 Rxe7 21. Rfe1
Qa5 22. Qd2 Qxd2 23. Nxd2 Ra5 24. b4 axb3 25. N2xb3 Ra8 26. Ra1 Ree8 27. a4 e5
28. Nc2 e4 29. Be2 Ba6 30. Ncd4 1/2-1/2

[Event "Guernsey Holiday 2013"]
[Site "Guernsey GCI"]
[Date "2013.10.23"]
[Round "4"]
[White "Newrick, William R"]
[Black "Jones, Tim"]
[Result "0-1"]
[WhiteElo "1392"]
[BlackElo "1456"]
[PlyCount "91"]
[EventDate "2013.10.20"]
[EventType "swiss"]
[EventRounds "7"]
[SourceDate "2013.12.14"]

1. d4 d5 2. Nf3 c5 3. e3 e6 4. Bb5+ Nc6 5. Ne5 Bd7 6. Nxc6 bxc6 7. Be2 Nf6 8.
O-O Bd6 9. dxc5 Bxc5 10. c4 O-O 11. Nc3 Re8 12. Na4 Bd6 13. Nc3 Bc7 14. cxd5
exd5 15. b3 Bf5 16. Bb2 Qd6 17. g3 a6 18. Bf3 Rad8 19. Ne2 Bb6 20. Bd4 Ba5 21.
Qc1 Bh3 22. Bc5 Qd7 23. Bg2 Bxg2 24. Kxg2 Ne4 25. b4 Bc7 26. Nd4 Ng5 27. Kh1
Be5 28. Bb6 Rc8 29. Bc5 Qh3 30. f4 Bxd4 31. Bxd4 Ne4 32. Qb2 Nxg3+ 33. Kg1 Nf5
34. Qg2 Qxg2+ 35. Kxg2 Nxe3+ 36. Bxe3 Rxe3 37. Rf2 d4 38. Rc1 f5 39. Rc5 g6 40.
Rd2 d3 41. Kf2 Re4 42. a3 Rxf4+ 43. Kg3 Rd4 44. Re5 Kf7 45. Ra5 Re8 46. Rxa6
0-1

[Event "Guernsey Holiday 2013"]
[Site "Guernsey GCI"]
[Date "2013.10.24"]
[Round "5"]
[White "O'Connell, Dennis"]
[Black "Kershaw, Graham J"]
[Result "1/2-1/2"]
[WhiteElo "1488"]
[BlackElo "1736"]
[PlyCount "59"]
[EventDate "2013.10.20"]
[EventType "swiss"]
[EventRounds "7"]
[SourceDate "2013.12.14"]

1. e4 e6 2. Nf3 b6 3. d4 Bb7 4. Bd3 d5 5. e5 c5 6. c3 Ne7 7. O-O Nbc6 8. Re1 c4
9. Bc2 b5 10. Nbd2 Bc8 11. Nf1 Nf5 12. Ne3 Be7 13. Nxf5 exf5 14. Qe2 Be6 15. b4
a5 16. bxa5 Qxa5 17. Bd2 b4 18. cxb4 Bxb4 19. Bxb4 Nxb4 20. a3 Nxc2 21. Qxc2
O-O 22. Reb1 Rfb8 23. Rxb8+ Rxb8 24. h3 h6 25. Kh2 Rb3 26. Qa2 Qb6 27. Qd2 Rb2
28. Qe1 Qb3 29. a4 Ra2 30. a5 1/2-1/2

[Event "Guernsey Holiday 2013"]
[Site "Guernsey GCI"]
[Date "2013.10.24"]
[Round "5"]
[White "Joyeux, Gerard"]
[Black "Van Hoek, Wim"]
[Result "0-1"]
[WhiteElo "1651"]
[BlackElo "1700"]
[PlyCount "58"]
[EventDate "2013.10.20"]
[EventType "swiss"]
[EventRounds "7"]
[SourceDate "2013.12.14"]

1. d4 d5 2. e4 dxe4 3. f3 f5 4. Be3 Nf6 5. Nd2 Nc6 6. c3 Nd5 7. Bg5 e3 8. Nb3
h6 9. c4 hxg5 10. cxd5 Qxd5 11. Rc1 e6 12. Ne2 Bb4+ 13. Nc3 Qd6 14. a3 Rxh2 15.
Rxh2 Qxh2 16. Qe2 Bxc3+ 17. bxc3 Qg3+ 18. Kd1 f4 19. Nc5 Qf2 20. Rc2 Qxe2+ 21.
Bxe2 b6 22. Bb5 Bd7 23. Nxe6 Rc8 24. Nxg7+ Kf7 25. Bxc6 Bxc6 26. Nf5 Ba4 27.
Nh6+ Kg6 28. Ng4 Rh8 29. Ne5+ Kg7 0-1

[Event "Guernsey Holiday 2013"]
[Site "Guernsey GCI"]
[Date "2013.10.24"]
[Round "5"]
[White "Derrick, Neil"]
[Black "Stanners, Michael"]
[Result "0-1"]
[WhiteElo "1640"]
[BlackElo "1640"]
[PlyCount "76"]
[EventDate "2013.10.20"]
[EventType "swiss"]
[EventRounds "7"]
[SourceDate "2013.12.14"]

1. d4 d6 2. c4 Nf6 3. Nc3 Nbd7 4. Nf3 g6 5. g3 Bg7 6. Bg2 O-O 7. O-O c5 8. e3
a6 9. Qc2 Rb8 10. a4 b6 11. Rb1 Qc7 12. Nd5 Nxd5 13. cxd5 Bb7 14. e4 Rfc8 15.
Be3 c4 16. Rfc1 b5 17. Bd2 Ba8 18. axb5 axb5 19. b3 Nf6 20. bxc4 bxc4 21. Rxb8
Qxb8 22. Bc3 Qb3 23. Nd2 Qxc2 24. Rxc2 Nd7 25. Bh3 Rc7 26. Rb2 f5 27. exf5 Bxd5
28. fxg6 hxg6 29. Rb4 e5 30. dxe5 Bxe5 31. Bxd7 Bxc3 32. Rb8+ Kg7 33. Nb1 Be5
34. Rb5 Be4 35. Be6 Kf6 36. Bg4 c3 37. Nxc3 Rxc3 38. f4 Bd4+ 0-1

[Event "Guernsey Holiday 2013"]
[Site "Guernsey GCI"]
[Date "2013.10.24"]
[Round "5"]
[White "Keuneke, Hanno"]
[Black "Jongerius, Marc"]
[Result "0-1"]
[WhiteElo "1767"]
[BlackElo "1642"]
[PlyCount "30"]
[EventDate "2013.10.20"]
[EventType "swiss"]
[EventRounds "7"]
[SourceDate "2013.12.14"]

1. e4 e5 2. Nf3 Nc6 3. Bb5 Bc5 4. c3 Nf6 5. d4 Bb6 6. Nxe5 Nxe5 7. dxe5 Nxe4 8.
O-O O-O 9. Nd2 Nxd2 10. Bxd2 d6 11. Bf4 dxe5 12. Bxe5 Qg5 13. Qe2 Bf5 14. Bg3
c6 15. h4 Qxg3 0-1

[Event "Guernsey Holiday 2013"]
[Site "Guernsey GCI"]
[Date "2013.10.24"]
[Round "5"]
[White "Norman, Dinah M"]
[Black "Borland, Tom"]
[Result "1/2-1/2"]
[WhiteElo "1736"]
[BlackElo "1615"]
[PlyCount "83"]
[EventDate "2013.10.20"]
[EventType "swiss"]
[EventRounds "7"]
[SourceDate "2013.12.14"]

1. d4 d5 2. Nf3 Nf6 3. e3 e6 4. Bd3 c5 5. c3 Nbd7 6. Nbd2 Bd6 7. O-O O-O 8. e4
cxd4 9. cxd4 dxe4 10. Nxe4 Nxe4 11. Bxe4 Nf6 12. Bc2 Qc7 13. h3 Bf4 14. Bxf4
Qxf4 15. Qe2 Bd7 16. Qe5 Qxe5 17. dxe5 Nd5 18. Rfe1 Rac8 19. Bb3 Rc5 20. Rac1
Rfc8 21. Rxc5 Rxc5 22. Rd1 Kf8 23. Bxd5 Rxd5 24. Rxd5 exd5 25. Nd4 Ke7 26. f4
f6 27. exf6+ Kxf6 28. Kf2 Bf5 29. g4 Be4 30. h4 Ke7 31. Ke3 a6 32. b4 g6 33. g5
Kd6 34. a3 Bb1 35. Nb3 b6 36. Nd4 Be4 37. Kd2 Bb1 38. Ke3 Be4 39. Ne2 Ke6 40.
Nd4+ Kd6 41. Ne2 Ke6 42. Nd4+ 1/2-1/2

[Event "Guernsey Holiday 2013"]
[Site "Guernsey GCI"]
[Date "2013.10.24"]
[Round "5"]
[White "Collins, Alan"]
[Black "Cook, Chris"]
[Result "0-1"]
[WhiteElo "1720"]
[BlackElo "1600"]
[PlyCount "78"]
[EventDate "2013.10.20"]
[EventType "swiss"]
[EventRounds "7"]
[SourceDate "2013.12.14"]

1. d4 e6 2. Nf3 f5 3. b3 Nf6 4. Bb2 d5 5. e3 Bd6 6. Be2 O-O 7. O-O Bd7 8. Nbd2
Be8 9. Ne5 Nbd7 10. f4 Rc8 11. Ndf3 Ne4 12. Nxd7 Qxd7 13. Ne5 Qe7 14. c4 c6 15.
c5 Bxe5 16. fxe5 Rc7 17. b4 Qg5 18. Bc1 h5 19. Bf3 h4 20. Bxe4 fxe4 21. Rxf8+
Kxf8 22. Rb1 Bh5 23. Qe1 h3 24. Rb2 Bf3 25. g3 g6 26. Rf2 Rf7 27. Qf1 Qh5 28.
a4 Rf5 29. b5 Kg7 30. bxc6 bxc6 31. Qa6 Bg2 32. Rxf5 gxf5 33. Bb2 Qd1+ 34. Kf2
Qf3+ 35. Ke1 Qxe3+ 36. Qe2 Qg1+ 37. Kd2 Bf3 38. Qe3 Qxh2+ 39. Kc3 Qxg3 0-1

[Event "Guernsey Holiday 2013"]
[Site "Guernsey GCI"]
[Date "2013.10.24"]
[Round "5"]
[White "Gunn, Mike"]
[Black "Savident, David"]
[Result "0-1"]
[WhiteElo "1680"]
[BlackElo "1714"]
[PlyCount "60"]
[EventDate "2013.10.20"]
[EventType "swiss"]
[EventRounds "7"]
[SourceDate "2013.12.14"]

1. c4 Nf6 2. Nc3 g6 3. g3 Bg7 4. Bg2 d6 5. d3 Nc6 6. e3 O-O 7. Nge2 a6 8. O-O
Bf5 9. e4 Bg4 10. h3 Bd7 11. f4 Rb8 12. Rb1 Qc8 13. Kh2 Kh8 14. b3 Ng8 15. Bb2
e5 16. Nd5 f5 17. Qd2 Qd8 18. Rf2 Nce7 19. Rbf1 Nxd5 20. cxd5 Qe7 21. Rc1 c5
22. dxc6 Bxc6 23. Qa5 fxe4 24. Bxe4 Bxe4 25. Rc7 Qd8 26. dxe4 Rc8 27. Rxc8 Qxa5
28. Rxf8 Bxf8 29. fxe5 Bg7 30. Nc3 Bxe5 0-1

[Event "Guernsey Holiday 2013"]
[Site "Guernsey GCI"]
[Date "2013.10.24"]
[Round "5"]
[White "Glover, John"]
[Black "Beadle, John"]
[Result "1/2-1/2"]
[WhiteElo "1712"]
[BlackElo "1624"]
[PlyCount "67"]
[EventDate "2013.10.20"]
[EventType "swiss"]
[EventRounds "7"]
[SourceDate "2013.12.14"]

1. Nf3 d5 2. c4 dxc4 3. Qa4+ Nc6 4. Qxc4 Be6 5. Qc3 Nf6 6. a3 g6 7. g3 Bg7 8.
Bg2 O-O 9. O-O Qc8 10. d3 h6 11. Qc2 Bh3 12. Nc3 a6 13. Bd2 g5 14. e3 Rd8 15.
d4 Bxg2 16. Kxg2 Qe6 17. Rad1 Na5 18. Be1 Qc6 19. e4 Nc4 20. d5 Qc5 21. Nd2 Ne5
22. f3 c6 23. Bf2 Qd6 24. Nb3 cxd5 25. Nxd5 Rac8 26. Bc5 Nxd5 27. Rxd5 Qf6 28.
Rxd8+ Rxd8 29. Bd4 Qc6 30. Qxc6 Nxc6 31. Bxg7 Kxg7 32. Rf2 b6 33. Rc2 Rd6 34.
Kf2 1/2-1/2

[Event "Guernsey Holiday 2013"]
[Site "Guernsey GCI"]
[Date "2013.10.24"]
[Round "5"]
[White "Roberts, Malcolm A"]
[Black "Ruigrok, Jacques"]
[Result "1-0"]
[WhiteElo "1608"]
[BlackElo "1683"]
[PlyCount "83"]
[EventDate "2013.10.20"]
[EventType "swiss"]
[EventRounds "7"]
[SourceDate "2013.12.14"]

1. e4 e5 2. Nf3 Nc6 3. Nc3 Nf6 4. Bc4 Bc5 5. d3 d6 6. h3 Na5 7. Bb3 Nxb3 8.
axb3 a6 9. Bg5 h6 10. Bd2 c6 11. Na4 Ba7 12. Nc3 O-O 13. Ne2 Re8 14. Ng3 d5 15.
O-O Qc7 16. Re1 dxe4 17. Nxe4 Nxe4 18. Rxe4 f5 19. Re2 Bd7 20. Qe1 Bb8 21. Bc3
e4 22. dxe4 Ba7 23. exf5 Rxe2 24. Qxe2 Re8 25. Qc4+ Kf8 26. Nh4 Ke7 27. Re1+
Kd8 28. Rxe8+ Bxe8 29. f6 gxf6 30. Bxf6+ Kc8 31. Qe6+ Qd7 32. Qe2 Bf7 33. Bc3
Bc5 34. Nf3 Bd6 35. Qe3 Qf5 36. Qxh6 Bf4 37. Qf8+ Kd7 38. Nd4 Qd5 39. Qg7 Be5
40. Qg4+ Kc7 41. Qf3 Bxd4 42. Qf4+ 1-0

[Event "Guernsey Holiday 2013"]
[Site "Guernsey GCI"]
[Date "2013.10.24"]
[Round "5"]
[White "Svenneling, Matz"]
[Black "Baart, Edwin"]
[Result "1/2-1/2"]
[WhiteElo "1504"]
[BlackElo "1681"]
[PlyCount "92"]
[EventDate "2013.10.20"]
[EventType "swiss"]
[EventRounds "7"]
[SourceDate "2013.12.14"]

1. e4 e5 2. Nf3 Nc6 3. d4 exd4 4. Nxd4 Nf6 5. Nxc6 dxc6 6. Qxd8+ Kxd8 7. Bg5
Be7 8. Nc3 Be6 9. O-O-O+ Nd7 10. Bxe7+ Kxe7 11. f4 Nb6 12. b3 Rad8 13. Bd3 f6
14. Rhe1 Rhe8 15. e5 f5 16. g4 Rf8 17. g5 g6 18. Re3 Nd5 19. Nxd5+ Rxd5 20. Rh3
Rf7 21. Bc4 Rxd1+ 22. Kxd1 Bxc4 23. bxc4 Ke6 24. Kd2 a5 25. Kc3 b6 26. Kb3 Rd7
27. Rd3 c5 28. Ka4 c6 29. Rb3 Rd4 30. Rxb6 Rxc4+ 31. Kxa5 Kd5 32. Rb7 Rxf4 33.
Rxh7 Rc4 34. h4 Rxc2 35. a4 Rh2 36. Rh6 f4 37. e6 Kd6 38. Rxg6 Rxh4 39. e7+
Kxe7 40. Rxc6 f3 41. Rf6 Rg4 42. Rxf3 Rxg5 43. Kb5 Kd7 44. Rf7+ Kd8 45. a5 c4+
46. Kxc4 Rxa5 1/2-1/2

[Event "Guernsey Holiday 2013"]
[Site "Guernsey GCI"]
[Date "2013.10.24"]
[Round "5"]
[White "Bakkes, Frits"]
[Black "Finch, Russell"]
[Result "1-0"]
[WhiteElo "1678"]
[BlackElo "1606"]
[PlyCount "85"]
[EventDate "2013.10.20"]
[EventType "swiss"]
[EventRounds "7"]
[SourceDate "2013.12.14"]

1. e4 c5 2. Nf3 d6 3. d4 cxd4 4. c3 dxc3 5. Nxc3 Nc6 6. Bf4 a6 7. e5 Nxe5 8.
Nxe5 dxe5 9. Qxd8+ Kxd8 10. Bxe5 e6 11. Be2 Ne7 12. O-O Nc6 13. Rfd1+ Ke8 14.
Bc7 b5 15. Bf3 Bb7 16. Rac1 Rc8 17. Nxb5 axb5 18. Bxc6+ Bxc6 19. Rxc6 Bb4 20.
Kf1 Ba5 21. Bxa5 Ra8 22. b4 Ke7 23. Rc7+ Kf6 24. Rdd7 Rhf8 25. Ke2 Rac8 26.
Rxf7+ Rxf7 27. Rxc8 Rb7 28. Rc7 Rb8 29. Rc6 Rb7 30. g4 Ke5 31. Ke3 Kd5 32. Rb6
Rxb6 33. Bxb6 Kc4 34. Bc5 Kd5 35. f4 g6 36. h4 h5 37. g5 e5 38. fxe5 Kxe5 39.
Kf3 Kf5 40. Bd4 Ke6 41. Ke4 Kd6 42. Bg7 Ke6 43. Bf8 1-0

[Event "Guernsey Holiday 2013"]
[Site "Guernsey GCI"]
[Date "2013.10.24"]
[Round "5"]
[White "Haisma, Henk"]
[Black "Harnden, Terry"]
[Result "1-0"]
[WhiteElo "1606"]
[BlackElo "1527"]
[PlyCount "81"]
[EventDate "2013.10.20"]
[EventType "swiss"]
[EventRounds "7"]
[SourceDate "2013.12.14"]

1. b4 e5 2. Bb2 Bxb4 3. Bxe5 Nf6 4. e3 Nc6 5. Bb2 O-O 6. Nf3 Re8 7. a3 Ba5 8.
c4 d6 9. Be2 Bg4 10. O-O Qe7 11. d3 Rad8 12. h3 Bh5 13. Nbd2 a6 14. e4 Ne5 15.
Qc2 Bxd2 16. Qxd2 Nxf3+ 17. Bxf3 Bxf3 18. gxf3 h6 19. Kh2 Nh7 20. f4 f6 21. Rg1
Kh8 22. f5 Ng5 23. Rg3 Rg8 24. Rag1 Qf7 25. f4 Nh7 26. Qg2 c6 27. Rg6 Rd7 28.
Qf3 Re7 29. h4 Qf8 30. d4 Qf7 31. d5 cxd5 32. cxd5 b5 33. e5 dxe5 34. d6 Rd7
35. fxe5 Qf8 36. Qc6 Rd8 37. exf6 Nxf6 38. Bxf6 Kh7 39. Rxg7+ Rxg7 40. Rxg7+
Qxg7 41. Bxg7 1-0

[Event "Guernsey Holiday 2013"]
[Site "Guernsey GCI"]
[Date "2013.10.24"]
[Round "5"]
[White "Adrian, Louise"]
[Black "Hoogakker, Peter"]
[Result "0-1"]
[WhiteElo "1403"]
[BlackElo "1763"]
[PlyCount "68"]
[EventDate "2013.10.20"]
[EventType "swiss"]
[EventRounds "7"]
[SourceDate "2013.12.14"]

1. d4 d6 2. c4 Nf6 3. Nc3 Nbd7 4. e4 e5 5. d5 h6 6. Bd3 Be7 7. Nge2 Nf8 8. O-O
g5 9. Ng3 Ng6 10. Bc2 Nf4 11. b3 h5 12. b4 Bg4 13. Ba4+ Kf8 14. f3 Bc8 15. Nge2
Rg8 16. Nxf4 gxf4 17. Kh1 h4 18. Qe2 Nh5 19. Nd1 Ng3+ 20. hxg3 hxg3 21. Kg1 Bf6
22. Qc2 Bh8 23. Nf2 gxf2+ 24. Rxf2 Bf6 25. Kf1 Bh4 26. Re2 Bg3 27. Rd2 Qh4 28.
Ke2 Be1 29. Kd3 Bxd2 30. Qxd2 Qh2 31. Ba3 Rxg2 32. Qe1 Qg3 33. Qf1 Rf2 34. Qg1
Qxf3# 0-1

[Event "Guernsey Holiday 2013"]
[Site "Guernsey GCI"]
[Date "2013.10.24"]
[Round "5"]
[White "Van Beek, Ronald"]
[Black "Kearsley, Raymond J"]
[Result "0-1"]
[WhiteElo "1390"]
[BlackElo "1672"]
[PlyCount "62"]
[EventDate "2013.10.20"]
[EventType "swiss"]
[EventRounds "7"]
[SourceDate "2013.12.14"]

1. d4 Nf6 2. Nf3 g6 3. Bf4 Bg7 4. e3 O-O 5. Be2 d6 6. O-O Nh5 7. Bg3 Nxg3 8.
fxg3 Nd7 9. Nbd2 e5 10. c4 c6 11. Nb3 f5 12. dxe5 dxe5 13. Qd2 e4 14. Nfd4 Qe7
15. g4 Ne5 16. gxf5 gxf5 17. Rf2 Bd7 18. Raf1 Rad8 19. Qc2 Bc8 20. Nxf5 Bxf5
21. Rxf5 Nf3+ 22. Bxf3 Rxf5 23. Bxe4 Rxf1+ 24. Kxf1 Rf8+ 25. Ke2 Qh4 26. Bf3
Qxh2 27. Nc5 Rf7 28. b4 Qe5 29. Be4 Bh6 30. Qd3 Qb2+ 31. Qd2 Rf2+ 0-1

[Event "Guernsey Holiday 2013"]
[Site "Guernsey GCI"]
[Date "2013.10.24"]
[Round "5"]
[White "Kaye, Mike"]
[Black "Le Maitre, Richard"]
[Result "1-0"]
[WhiteElo "1368"]
[BlackElo "1423"]
[PlyCount "62"]
[EventDate "2013.10.20"]
[EventType "swiss"]
[EventRounds "7"]
[SourceDate "2013.12.14"]

1. d4 d5 2. e3 a6 3. Bd3 Nf6 4. Nd2 Nc6 5. c3 e6 6. Ngf3 Bd6 7. O-O O-O 8. Qc2
h6 9. a3 Re8 10. e4 e5 11. dxe5 Nxe5 12. Nxe5 Bxe5 13. exd5 Nxd5 14. Nf3 Bf4
15. Rd1 Be6 16. Bxf4 Qf6 17. Bg3 Nf4 18. Bxf4 Qxf4 19. Be2 Qf6 20. Rd2 Bf5 21.
Qd1 Rad8 22. Rxd8 Rxd8 23. Qb3 b5 24. Rd1 Rxd1+ 25. Qxd1 c5 26. h3 c4 27. Nd4
Bg6 28. Bf3 Qd6 29. Qe1 Qf4 30. Qe3 Qd6 31. Be4 Qe6 1-0

[Event "Guernsey Holiday 2013"]
[Site "Guernsey GCI"]
[Date "2013.10.24"]
[Round "5"]
[White "Dokter, Marike"]
[Black "Adrian, Leopold"]
[Result "1/2-1/2"]
[WhiteElo "1552"]
[BlackElo "1333"]
[PlyCount "64"]
[EventDate "2013.10.20"]
[EventType "swiss"]
[EventRounds "7"]
[SourceDate "2013.12.14"]

1. e4 e6 2. d4 d5 3. exd5 exd5 4. Bd3 Nc6 5. c3 Bd6 6. Ne2 Nge7 7. O-O Be6 8.
Bf4 Qd7 9. Bxd6 Qxd6 10. Ng3 O-O-O 11. Nd2 g6 12. b4 Rde8 13. a4 h5 14. h4 Rhg8
15. Nf3 Bg4 16. Be2 f6 17. a5 g5 18. hxg5 fxg5 19. b5 Nd8 20. Ne5 Bxe2 21. Nxe2
Ng6 22. Nxg6 Qxg6 23. Re1 g4 24. Nf4 Qg5 25. g3 h4 26. Qb3 hxg3 27. fxg3 Ref8
28. Qxd5 Rf5 29. Re5 Rgf8 30. Rae1 Qg6 31. a6 b6 32. Qa8+ Kd7 1/2-1/2

[Event "Guernsey Holiday 2013"]
[Site "Guernsey GCI"]
[Date "2013.10.24"]
[Round "5"]
[White "Foran, Barry"]
[Black "Day, Frederick"]
[Result "1-0"]
[WhiteElo "1503"]
[BlackElo "1512"]
[PlyCount "68"]
[EventDate "2013.10.20"]
[EventType "swiss"]
[EventRounds "7"]
[SourceDate "2013.12.14"]

1. d4 e6 2. Nf3 f5 3. Nc3 d6 4. e4 Nf6 5. exf5 Be7 6. fxe6 Bxe6 7. Ng5 Bg8 8.
Bd3 Nbd7 9. Qe2 Nf8 10. O-O c6 11. Re1 d5 12. b3 h6 13. Ba3 Ne4 14. Ngxe4 Kd7
15. Bxe7 Kxe7 16. Nc5+ Kf7 17. Qf3+ Qf6 18. Re3 Re8 19. Qxf6+ gxf6 20. Rxe8
Kxe8 21. Re1+ Kf7 22. Nxb7 Ng6 23. Nd6+ Kg7 24. Ne8+ Kf7 25. Nd6+ Kg7 26. Na4
Bh7 27. Nf5+ Kf8 28. Nd6 Kg7 29. Nc5 Ra8 30. Nf5+ Kf8 31. Ne6+ Kg8 32. Nxh6+
Kh8 33. Re3 Re8 34. c3 Re7 1-0

[Event "Guernsey Holiday 2013"]
[Site "Guernsey GCI"]
[Date "2013.10.24"]
[Round "5"]
[White "Rowe, Oliver"]
[Black "Adrian, Lucien"]
[Result "1-0"]
[WhiteElo "1445"]
[BlackElo "1383"]
[PlyCount "55"]
[EventDate "2013.10.20"]
[EventType "swiss"]
[EventRounds "7"]
[SourceDate "2013.12.14"]

1. d4 e6 2. Bf4 d5 3. e3 Nf6 4. Nf3 Nc6 5. Bd3 Bd7 6. Nbd2 Bd6 7. Bxd6 cxd6 8.
c4 dxc4 9. Nxc4 Qc7 10. O-O O-O 11. Qb3 d5 12. Nce5 Nxe5 13. Nxe5 Rfd8 14. Rfc1
Qd6 15. Rc2 Bc6 16. Rac1 Rab8 17. Nxc6 bxc6 18. Qa4 Ng4 19. g3 Rdc8 20. Rxc6
Qd7 21. Rxc8+ Rxc8 22. Qxd7 Rxc1+ 23. Kg2 g6 24. Qxa7 Rd1 25. Be2 Nxe3+ 26.
fxe3 Rd2 27. Qb8+ Kg7 28. Qb5 1-0

[Event "Guernsey Holiday 2013"]
[Site "Guernsey GCI"]
[Date "2013.10.24"]
[Round "5"]
[White "Brown, Jim"]
[Black "Kay, Robert"]
[Result "0-1"]
[WhiteElo "1168"]
[BlackElo "1528"]
[PlyCount "72"]
[EventDate "2013.10.20"]
[EventType "swiss"]
[EventRounds "7"]
[SourceDate "2013.12.14"]

1. Nf3 f5 2. d4 Nf6 3. e3 e6 4. Be2 Be7 5. Nbd2 O-O 6. O-O d6 7. b3 Bd7 8. Bb2
Be8 9. h3 Bh5 10. Ng5 Bxe2 11. Qxe2 Qd7 12. Ngf3 Ne4 13. a4 a6 14. Rac1 b5 15.
axb5 axb5 16. Ra1 Na6 17. Nxe4 fxe4 18. Nh2 Nb4 19. Rxa8 Rxa8 20. Ra1 Rxa1+ 21.
Bxa1 c6 22. Ng4 Qa7 23. Bc3 Na2 24. Bb2 Qa5 25. g3 Nc3 26. Qe1 b4 27. Bxc3 bxc3
28. Qb1 h5 29. Nh2 Bg5 30. h4 Bf6 31. Kg2 g5 32. b4 Qa4 33. Qd1 g4 34. Qb1 d5
35. Nf1 Be7 36. b5 cxb5 0-1

[Event "Guernsey Holiday 2013"]
[Site "Guernsey GCI"]
[Date "2013.10.24"]
[Round "5"]
[White "Jones, Tim"]
[Black "Le Messurier, Rosemary"]
[Result "1/2-1/2"]
[WhiteElo "1456"]
[BlackElo "1210"]
[PlyCount "65"]
[EventDate "2013.10.20"]
[EventType "swiss"]
[EventRounds "7"]
[SourceDate "2013.12.14"]

1. e4 e5 2. Nf3 Nc6 3. Bb5 Nf6 4. O-O a6 5. Ba4 b5 6. Bb3 Nxe4 7. Re1 Nd6 8.
Nxe5 Nxe5 9. Rxe5+ Be7 10. Qe1 f6 11. Re2 Nf5 12. c3 c6 13. d4 d5 14. Bc2 Kf7
15. Bf4 Ra7 16. Nd2 Bd6 17. Bxd6 Qxd6 18. Nb3 Re7 19. Rxe7+ Nxe7 20. Nc5 g6 21.
b4 Re8 22. Qd2 Kg7 23. Re1 f5 24. Qe3 Kf7 25. f4 h5 26. a3 Rh8 27. Nd3 Kf8 28.
Qxe7+ Qxe7 29. Rxe7 Kxe7 30. Ne5 Kf6 31. Nxc6 Bd7 32. Ne5 Be6 33. Nd3 1/2-1/2

[Event "Guernsey Holiday 2013"]
[Site "Guernsey GCI"]
[Date "2013.10.24"]
[Round "5"]
[White "Kerr, Matthew"]
[Black "Jones, Sid A"]
[Result "0-1"]
[WhiteElo "1434"]
[BlackElo "1488"]
[PlyCount "87"]
[EventDate "2013.10.20"]
[EventType "swiss"]
[EventRounds "7"]
[SourceDate "2013.12.14"]

1. e4 c5 2. Bc4 Nc6 3. Qh5 e6 4. Nf3 Nf6 5. Qg5 h6 6. Qe3 Be7 7. h3 d5 8. exd5
exd5 9. Bb5 Bd7 10. Bxc6 Bxc6 11. Ne5 Bb5 12. d3 d4 13. Qg3 Kf8 14. b3 Bd6 15.
Bf4 Nh5 16. Ng6+ Kg8 17. Qg4 Nxf4 18. Nxf4 Qa5+ 19. Nd2 Re8+ 20. Ne2 h5 21. Qf3
Bc6 22. Qf5 Re6 23. a4 g6 24. Qg5 Bf4 25. Qxf4 Kg7 26. Kf1 Rf6 27. Qe5 Re8 28.
Nc4 Qd8 29. Qg5 Rxe2 30. Qxf6+ Qxf6 31. Kxe2 Bxg2 32. Rh2 Qf3+ 33. Kd2 Qxf2+
34. Kc1 Qf4+ 35. Kb2 Qxh2 36. a5 Qxh3 37. a6 b6 38. Nd6 Qd7 39. Nc4 Bd5 40. Rg1
Bxc4 41. bxc4 Qa4 42. Ra1 Qb4+ 43. Ka2 Qd2 44. Kb2 0-1

[Event "Guernsey Holiday 2013"]
[Site "Guernsey GCI"]
[Date "2013.10.24"]
[Round "5"]
[White "Newrick, William R"]
[Black "Bennett, David"]
[Result "1/2-1/2"]
[WhiteElo "1392"]
[BlackElo "1392"]
[PlyCount "31"]
[EventDate "2013.10.20"]
[EventType "swiss"]
[EventRounds "7"]
[SourceDate "2013.12.14"]

1. d4 Nf6 2. c4 c5 3. e3 cxd4 4. exd4 e6 5. Nf3 Bb4+ 6. Nc3 O-O 7. Be2 b6 8.
O-O Bb7 9. Qc2 Nc6 10. a3 Be7 11. Bf4 d6 12. Rad1 Rc8 13. Qb1 Qd7 14. d5 exd5
15. cxd5 Na5 16. Bb5 1/2-1/2